000 00583nam a22002057a 4500
003 BUBTL
008 220421b ||||| |||| 00| 0 eng d
020 _a9789843482600
082 _a347/ Ak55l/ 2020
100 _94138
_aAkkas, Sarkar Ali
245 _aLaw of Evidence /
_c Sarkar Ali Akkas
250 _a1st Edn.
260 _aDhaka:
_bBijoy Law Book House
_cc2020
300 _ax, 319 p.:
_c22 cm.
505 _aLaw of Evidence, Sarkar Ali Akkas
650 0 _926
_aLaw
856 _k0
_l0
_yDownload
942 _2ddc
_cBK
999 _c6688
_d6688